Statistiken für Stadtbahn Bochum

Klicken Sie hier um das Quiz zu spielen!

Allgemein

  • Dieses Quiz wurde 11 mal gespielt
  • Das Durchschnittsergebnis liegt bei 14 aus 22

Antwortstatistiken

Antwort% Korrekt
Bochum Hauptbahnhof
100%
Bochum Rathaus
90%
Hustadt (TQ)
90%
Gesundheitscampus
80%
Herne Bahnhof
80%
Ruhr-Universität
80%
Schloß Strünkede
80%
Deutsches Bergbau-Museum
70%
Riemke Markt
70%
Archäologie-Museum/Kreuzkirche
60%
Waldring
60%
Wasserstraße
60%
Brenscheder Straße
50%
Herne Mitte
50%
Lennershof
50%
Markstraße
50%
Oskar-Hoffmann-Straße
50%
Rensingstraße
50%
Zeche Constantin
50%
Feldsieper Straße
40%
Hölkeskampring
30%
Berninghausstraße
20%

Verteilung der Resultate

Perzentil nach korrekt beantworteten Fragen

Anzahl Personen mit jedem Resultat

Ihre Resultats-Entwicklung

Sie haben dieses Quiz noch nicht gespielt